00729cam a22002414a 45000010009000000050017000090080041000260100017000670200015000840400018000990410008001170420008001250800012001330820016001451000007001611010008001682450075001765040051002519060045003029420012003479990017003599520111003761350767520180307073958.0040302s2004 mau b 001 0 eng  a 2004004807 a1593370563 aDLCcDLCdDLC aeng apcc a150 WAR00a150 WAR2221 a48 aPSI14aThe everything psychology book :cLynda L. Warwick, and Lesley Bolton. aIncludes bibliographical references and index. a7bcbccorignewd1eecipf20gy-gencatlg 2ddccBK c44309d44309 00102udc40708PËKGa002b002cPËKGd2018-03-07l0o150 WARp002-3001266r2018-03-07w2018-03-07yBK